00922nam a2200229 a 450000100100000000500170001000800410002704000230006808200170009110000290010824501550013726000600029230000280035265000460038070000300042670000310045670000290048791000340051691000070055095201200055799900150067700000160620200929145633.0831011s1965 caua 001 0 eng  aDO-SdBNPcICUdDLC a372.72bE34b1 aEicholz, Robert E.9526010aBasic modern mathematics :bsecond course /cRobert E. Eicholz, Phares G. O'Daffer ; autores de consultoría, Charles F. Brumfiel, Merrill E. Shanks. aCalifornia :bAddison-Wesley Publishing Company,c1965. a380 p. :bil. ;c24 cm. 4aAritmétca.xEnseñanza elemental952611 aO'Daffer, Phares G.952621 aBrumfiel, Charles F.952631 aShanks, Merrill E.95264 aCatalogación original noche aDC 001052708MOaGRbGRcCTd2009-09-16iLF1l0o372.72 E34bp1606-10r2020-06-25w2020-06-25y2ZPréstamo interno c1500d1500